Lobbing v Európskej únii ako nástroj komunikácie spoločnosti

Lobbing v podmienkach Európskej únii. Európsky lobbing - nevyhnutná súčasť podnikania. Corporate communication. Vnímanie rozdielov medzi lobbingom, government ralations a public affairs. Public affairs a jeho funkcia vo veľkých európskych spoločnostiach. Informácie ako základný tovar lobbingu. Fo...

Ausführliche Beschreibung

Gespeichert in:
Bibliographische Detailangaben
1. Verfasser: Križanský, Patrik
Format: Buchkapitel
Sprache:Slowakisch
Schlagworte:
Tags: Tag hinzufügen
Keine Tags, Fügen Sie das erste Tag hinzu!

MARC

LEADER 00000naa$a2200000$$$4500
001 0003319
005 20231004101200.8
041 0 |a slo 
044 |a CZ 
245 1 0 |a Lobbing v Európskej únii ako nástroj komunikácie spoločnosti  |c aut. Patrik Križanský 
520 |a Lobbing v podmienkach Európskej únii. Európsky lobbing - nevyhnutná súčasť podnikania. Corporate communication. Vnímanie rozdielov medzi lobbingom, government ralations a public affairs. Public affairs a jeho funkcia vo veľkých európskych spoločnostiach. Informácie ako základný tovar lobbingu. Formy komunikácie s európskou inštitúciou. Lobbing v európskych inštitúciách (Európska komisia, Európsky parlament, Rada EÚ). Základná zásada pre lobbing v Európskej únii. 
610 2 0 |a podnikanie 
610 2 0 |a lobizmus 
610 2 0 |a Európska únia 
610 2 0 |a komunikácia manažérska 
610 2 0 |a integrácia 
610 2 0 |a inštitúcia 
100 1 |a Križanský, Patrik